| 000 | 00361 a2200133 4500 | ||
|---|---|---|---|
| 020 | _a9695190138 | ||
| 090 |
_c5869 _d5869 |
||
| 100 | _aJeffery Lang | ||
| 245 |
_aStruggling to Surrender _bSome Impressions of an American Convert to Islam |
||
| 260 |
_aLahore _bSuhail Academy _c2002 |
||
| 300 | _a245 p. | ||
| 500 | _aHardcover | ||
| 942 |
_aNBS _cBK _k297.574 LAN |
||
| 999 |
_c348265 _d348265 |
||